| 000 | 00722nam a2200229Ia 4500 | ||
|---|---|---|---|
| 003 | BUBTL | ||
| 008 | 151213s9999 xx 000 0 und d | ||
| 020 | _a0072538767 | ||
| 082 |
_a650/ N535u/ 2005 _b |
||
| 100 |
_aNickels, William G. _93195 |
||
| 245 |
_aUnderstanding Business/ _cWilliam G.Nickels , James M. Mchugh & Susan M. Mchugh |
||
| 250 | _a7th | ||
| 260 |
_aBoston _bMc Graw Hill, Irwin _cc2005 |
||
| 300 |
_a[xli] , 707p . : _bill , Graph ; 22cm . _cBusiness . |
||
| 521 | _aIncludes Index . | ||
| 650 | _aBusiness | ||
| 650 | _aBusiness | ||
| 700 |
_aWilliam G.Nickels , James M. Mchugh & Susan M. Mchugh _95337 |
||
| 856 |
_k0 _l0 _yDownload |
||
| 942 |
_2ddc _cBK |
||
| 999 |
_c3468 _d3468 |
||